banner-ar

Dividing the Nile : (Record no. 63021)

MARC details
000 -الفاتح
حقل البيانات ثابتة الطول 02276cam a2200421 i 4500
005 - وقت وتاريخ اخر تعامل مع التسجيلة
رقم الضبط 20240530110619.0
008 - عناصر البيانات ثابتة الطول - معلومات عامة
حقل البيانات ثابتة الطول 150423t20142014ua b b 001 0 eng d
020 ## - الرقم الدولى المعيارى للكتب
الرقم الدولى المعيارى للكتاب 9789774166389 (hbk.)
040 ## - مصدر الفهرسة
وكالة النسخ EG-CaGPL
082 04 - رقم تصنيف ديوى العشرى
رقم الطبعة 21
رقم التصنيف 962.403
رقم المادة CC\M D
100 1# - المدخل الرئيسى - إسم شخصى
الإسم الشخصى Mills, David E.
الشكل الأكمل للاسم (David Eugene),
الدور author.
245 10 - بيان العنوان
العنوان Dividing the Nile :
بقية العنوان Egypt's economic nationalists in the Sudan, 1918-56 /
بيان المسئوليه,etc David E. Mills.
246 30 - العنوان الموازى
عنوان صحيح/عنوان مختصر Egypt's economic nationalists in the Sudan, 1918-56
300 ## - الوصف المادى
التعداد xv, 360 pages :
تفاصيل ماديه اخرى للوعاء map ;
أبعاد الوعاء 24 cm
504 ## - تبصرة ببليوجرافية
تبصرة ببليوجرافية,الخ Includes bibliographical references (pages 277-353) and index.
650 #0 - المدخل الاضافى بالموضوع-مصطلح موضوعى
مصطلح موضوعي Nationalism
التقسيم الفرعي الجغرافي Sudan
التقسيم الفرعي العام History
التقسيم الفرعي الزمني 20th century.
650 #0 - المدخل الاضافى بالموضوع-مصطلح موضوعى
مصطلح موضوعي Nationalism
التقسيم الفرعي الجغرافي Egypt
التقسيم الفرعي العام History
التقسيم الفرعي الزمني 20th century.
650 #7 - المدخل الاضافى بالموضوع-مصطلح موضوعى
مصطلح موضوعي Economic history.
مصدر الرأس أو المصطلح fast
650 #7 - المدخل الاضافى بالموضوع-مصطلح موضوعى
مصطلح موضوعي Nationalism.
مصدر الرأس أو المصطلح fast
651 #0 - المدخل الاضافى بالموضوع - اسم جغرافى
الاسم الجغرافي Sudan
التقسيم الفرعي العام History
التقسيم الفرعي الزمني 1899-1956.
651 #0 - المدخل الاضافى بالموضوع - اسم جغرافى
الاسم الجغرافي Sudan
التقسيم الفرعي العام Economic conditions
التقسيم الفرعي الزمني 20th century.
651 #0 - المدخل الاضافى بالموضوع - اسم جغرافى
الاسم الجغرافي Egypt
التقسيم الفرعي العام History
التقسيم الفرعي الزمني 1919-1952.
651 #0 - المدخل الاضافى بالموضوع - اسم جغرافى
الاسم الجغرافي Egypt
التقسيم الفرعي العام Economic conditions
التقسيم الفرعي الزمني 1919-1952.
651 #7 - المدخل الاضافى بالموضوع - اسم جغرافى
الاسم الجغرافي Egypt.
مصدر الرأس أو المصطلح fast
651 #7 - المدخل الاضافى بالموضوع - اسم جغرافى
الاسم الجغرافي Sudan.
مصدر الرأس أو المصطلح fast
942 ## - عناصر المدخل الإضافي( كوها)
مصدر التصنيف او مخطط الترفيف Dewey Decimal Classification
Koha [default] item type كتاب
264 #1 -
-- Cairo ;
-- New York :
-- The American University in Cairo Press,
-- 2014.
264 #4 -
-- ©2014
336 ## -
-- text
-- rdacontent
337 ## -
-- unmediated
-- rdamedia
338 ## -
-- volume
-- rdacarrier
505 0# - تبصرة محتويات-الفهرس
تبصرة المحتويات المصاغة The 'natural' unity of the Nile Valley -- 'Successful' division of water resources -- Agreement, institutions, and opportunities, 1936-1939 -- A valley divided : transportation difficulties -- Disguised exploitation : agricultural and industrial designs on the Sudan -- An expanded Sudanese market? : Egyptian exports to the Sudan -- An economic lifeline? : Egyptian reliance on Sudanese imports.
520 ## - التبصرة الخاصة بالتعليق أو التلخيص
ملخص,الخ Most scholarship has attributed Sudanese independence in 1956 to British dominance of the Condominium, historical animosity toward Egypt, or the emergence of Sudanese nationalism. Dividing the Nile counters that Egyptian entrepreneurs failed to develop a united economy or shared economic interests, guaranteeing Egypt's 'loss' of the Sudan.--Provided by publisher
648 #7 -
-- 1899 - 1999
-- fast
650 #7 - المدخل الاضافى بالموضوع-مصطلح موضوعى
-- (OCoLC)fst00901974
650 #7 - المدخل الاضافى بالموضوع-مصطلح موضوعى
-- (OCoLC)fst01033832
651 #7 - المدخل الاضافى بالموضوع - اسم جغرافى
-- (OCoLC)fst01208755
651 #7 - المدخل الاضافى بالموضوع - اسم جغرافى
-- (OCoLC)fst01204591
655 #7 - مصطلح تكشيفى-نوع/شكل
بيانات النوع/ الشكل أو المصطلح الأساسي History.
مصدر المصطلح fast
-- (OCoLC)fst01411628
Holdings
حالة التراجع حالة الفقد مصدر التصنيف او خطة الترفيف حالة تلف ليس للاعارة المكان المؤقت الموقع الحالى موقع الترفيف تاريخ الاكتساب اجمالي اﻻعارات رقم الطلب الباركود تاريخ اخر مشاهدة تاريخ تفعيل السعر نوع وعاء كوها
    ddc     مكتبة القاهرة الكبرى مكتبة القاهرة الكبرى   12/17/2016   962.403 CC\M D 162967 12/17/2016 12/17/2016 كتاب

Powered By

EGPV